00429nam a2200145Ia 4500008004100000020001800041041000800059082001700067100001700084245011200101260001600213300000800229365001700237700002900254230718s9999 xx 000 0 und d a9781787125629 aeng a005.678bTAN aTankariya V. aAWS Certified Developer - Associate GuidebYour One-Stop Solution To Pass The AWS Developer's Certification c2017bPackt a576 cRs.b1599.00 aTankariya V. & Parmar B.